Maritime transport : the Greek paradigm

Αποθηκεύτηκε σε:
Λεπτομέρειες βιβλιογραφικής εγγραφής
Άλλοι συγγραφείς: Πάλλης, Αθανάσιος Α. (Επιμελητής έκδοσης)
Μορφή: Βιβλίο
Γλώσσα:English
Δημοσίευση: Amsterdam : Elsevier JAI, c2007
Σειρά:Research in transportation economics ; ; 21
Θέματα:
Ετικέτες: Προσθήκη ετικέτας
Δεν υπάρχουν, Καταχωρήστε ετικέτα πρώτοι!

MARC

LEADER 00000cam a2200000 i 4500
001 1/82740
008 080416s2007 eng d
020 |a 978-0-7623-1449-2 
035 |l 10096741 
040 |a GR-MY-UA  |b gre  |e aacr 
041 0 |a eng 
082 0 |a 387.509495  |2 (22) 
245 1 0 |a Maritime transport :  |b the Greek paradigm /  |c edited by Athanasios A. Pallis 
260 |a Amsterdam :   |b Elsevier JAI,   |c c2007 
300 |a x, 461 σ.;  |b εικ.;  |c 24 εκ. 
490 1 |a Research in transportation economics  |v ; 21 
504 |a Περιλαμβάνει βιβλιογραφικές παραπομπές και ευρετήριο 
650 0 0 |a Shipping  |z Greece. 
700 1 |4 edt  |a Πάλλης, Αθανάσιος Α. 
830 0 |a Research in transportation economics ;  |v ; 21 
852 |a INST  |b CHIOS  |e 20080416  |h 387.509495 MAR  |p 005200027386  |q 005200027386  |t BK  |y 12 
852 |a INST  |b CHIOS  |e 20120111  |h 387.509495 MAR  |p 005200033176  |q 005200033176  |t BK  |y 0 
852 |a INST  |b CHIOS  |e 20181129  |h 387.509495 MAR  |p 005200040156  |q 005200040156  |t BK  |y 0 
901 |a BIBL2-2008-1 
901 |a BIBL2-2012-1 
909 |a Χ  |b 151247 
909 |a Χ  |b 168869 
922 |a 2ΕΛΗ  |b 200803  |c ΕΠΕΑΕΚ2/ΤΝΕΥ  |d Παπασωτηρίου 
970 |a Βάρφης  |b Βαγγέλης  |z 2008/04/16